Statistics for Name a Valid Geelong Cats Player for Each Jumper Number

Click here to take the quiz!

General Stats

  • This quiz has been taken 3 times
  • The average score is 29 of 57

Answer Stats

Jumper #Player Name% Correct
4Bob Davis, Alistair Lord, Phil Stevens, Terry Bright, Andrew Mackie, Gary Ablett, Jr ...
100%
6Cliff Rankin, Rupe McDonald, George Dougherty, Peter Pianto, Gareth Andrews, Rex Hunt, Dwayne Russell, John Barnes, Brad Ottens …
100%
2
Alec Eason, Leigh Colbert, Tom Harley, Zach Tuohy ...
100%
5Jack Evans, Graham Farmer, Gary Malarkey, Gary Ablett, Sr, Travis Varcoe, Jeremy Cameron ...
100%
1Les Armstrong, Bruce Morrison, Wayne Closter, Steve Hocking, Steven King, Rhys Stanley ...
100%
7Lindsay White, Paul Couch, Ben Graham, Harry Taylor …
100%
3Tom Brownlees, Len Metherell, Jim Fitzgerald, Fred Wooller, Ken Newland, Mark Bairstow, Jimmy Bartel, Brandan Parfitt ...
100%
28Arthur Rayson, Angie Muller, Neil Trezise, Tim Darcy, Allen Christensen …
67%
13Bert Rankin, Arthur Coghlan, Clive Coles, Paul Sarah, Glenn Kilpatrick, Tom Lonergan…
67%
35Bill Goggin, Robert Neal, Leigh Colbert, Paul Chapman, Patrick Dangerfield ...
67%
26Bill Ryan, Jack Hawkins, Barry Stoneham, Tom Hawkins …
67%
24Billy McCarter, Jack Williams, Bryan Cousins, Mark Bos, Mark Blake, Jed Bews …
67%
11Billy Orchard, Percy Martini, Eric Fleming, Bernie Smith, Greg Williams, Joel Corey, Tim Kelly …
67%
33Bruce Nankervis, Max Rooke …
67%
44Corey Enright, Tom Stewart …
67%
8Dick Grigg, Tom Arklay, Russell Renfrey, Paul Vinar, Kevin Sheehan, John Scarlett, Ronnie Burns, Josh Hunt, Jake Kolodjashnij …
67%
45
Cameron Ling, Brad Close …
67%
39
Kevin Higgins, Darren Milburn, Zach Guthrie …
67%
25
Les Hardiman, Percy Hunt, Geoff Ainsworth, Mark Jackson, Brent Grgic …
67%
16
Les Smith, Tommy Quinn, John Hyde, Rod Blake, Bill Brownless, Sam De Koning …
67%
14
Lloyd Hagger, Joe Sellwood, David Clarke, Darren Flanigan, Joel Selwood …
67%
46
Mark Blicavs …
67%
42
Mark O'Connor …
67%
20Edward Greeves, Ray Card, Steve Johnson …
67%
17Fred Hawking, George Gniel, John O'Neill, Sam Newman, Tim McGrath, Shannon Byrnes …
67%
32Garry Hocking, Steven Motlop, Gryan Miers …
67%
40Ian Nankervis, David Wojcinski …
67%
38Jack Henry …
67%
30John Scarlett, Damian Bourke,Matthew Scarlett, Tom Atkins …
67%
23Norm Glenister, Doug Wade, Larry Donohue, Liam Pickering, Nathan Ablett …
67%
29Norm Scott, Ken Hinkley, Gary Ablett, Jr, Cameron Guthrie …
67%
10Percy Scown, Harry Marsham, Jack Collins, Allan Everett, Fred Flanagan, Michael Woolnough, John Mossop, Kane Tenace …
67%
27Peter Hardiman, Geoff Rosenow, Andrew Bews, Brenton Sanderson, Mathew Stokes, Sam Menegola
67%
18Reg Hickey, Murray Witcombe, Kent Kingsley, Nathan Djerrkura, Tyson Stengle …
67%
12Ron Hovey, Mark Browne, Brad Sholl, Wylie Buzza …
67%
9Rupe Brownlees, Leo Turner, John Devine, Michael Turner, James Kelly ...
67%
22Tom Morrow, Fred Le Deux, Ian Hampshire, Mark Neeld, Mitch Duncan …
67%
36Tony Polinelli …
67%
15Bill Eason, Edward Stevenson, Terry Farman, Peter Riccardi …
33%
19Joe Slater, George Todd, Neville Bruns, Matthew Egan …
33%
34Peter Walker, James Rahilly …
33%
31Roy West, David Mensch, James Podsiadly …
33%
21Stan Thomas, Joe Sellwood, Geoff Williams, Mark Yeates, Michael Mansfield, Cameron Mooney, Jordan Murdoch …
33%
55Austin McCrabb, Mark Neeld
0%
50Brian Sharp, Allan Cook, Robert Scott, Tony Malakellis
0%
43Damian Drum, Russell Merriman …
0%
47Darren Morgan, Martin Christensen
0%
56David Simpson, Gerard Toohey
0%
52
Robert Steven, Peter Whyte
0%
51Garry Hocking, David Clarke
0%
53Leo Dean, Ron Watt, Barry Stoneham
0%
49Ron Murray, Damien Christensen, John Hoiles, John Fitzgerald, Michael Mansfield
0%
57Russell Mitchell
0%
48Scott Hosking, Michael Gurrie
0%
58Sean Denham
0%
37Sean Simpson …
0%
41Shane Mumford, Josh Hunt ...
0%

Score Distribution

Percentile by Number Answered

Percent of People with Each Score

Your Score History

You have not taken this quiz